1092 1394 1580 1538 1488 1410 1729 1172 1947 1343 1121 1122 1554 1452 1136 1820 1138 1571 1139 1652 1373 1243 1561 1094 1594 1316 1966 1324 1171 1136 1439 1535 1168 1295 1215 1937 1009 1691 1595 1077 1221 1905 1833 1707 1005 1310 1799 1021 1952 1275 1265 1756 1391 1846 1230 1174 1317 1639 1309 1152 1189 1760 1308 1955 1098 1427 1442 1639 1629 1819 1407 1311 1073 1873 1296 1697 1487 1473 1237 1055 1658 1700 1666 1933 1822 1155 1745 1952 1417 1200 1849 1198 1353 1131 1098 1928 1670 1856 1966 BCNSPRNW ULIB Ver.6.0+V

เปลี่ยนเป็นภาษาไทย

Change to English
 แสดงรายละเอียดบรรณานุกรม
  กลับหน้าหลัก

Brief Record : Get Marc (ISO 2709) : E-mail record : QR code < ปิดหน้าต่าง
LEADER : 00000nam 2200000uu 4500
001    13399123971
003     ULIB
008    141217s2556||||th 000 0 tha d
020    ^a9786167556161
060    ^aQU146^bน624ร
100    ^aนิภาพร จตุพรโภคา,^eบรรณาธิการ
245    ^aรู้เลือกกิน =^bฉลาดซื้อ รวมผลทดสอบ 2013/^cนิภาพร จตุพรโภคา ; บรรณาธิการ
250    ^aพิมพ์ครั้งที่ 1
260    ^aกรุงเทพฯ :^bมูลนิธิเพื่อผู้บริโภค,^c2556
300    ^a109 หน้า;^b18 ซม.
650    ^aโภชนาการ
650    ^aอาหาร^xทดสอบ
945    ^p100^l0^i037359
945    ^p100^l0^i037360
945    ^p100^l0^i037361
945    ^p100^l0^i037362
945    ^p100^l0^i037363
999    ^aเกษร โพธิ์สุวรรณ
รายการนี้ยังไม่มีแท็ก
คุณยังไม่ได้ล็อกอิน คุณสามารถมีกิจกรรมร่วมกับเว็บไซต์ได้ แต่ต้องล็อกอินก่อน ::
  ล็อกอิน

รายการสื่อสารสนเทศ

ลำดับที่ ประเภท เลขเรียก/บาร์โค้ด สถานที่ สถานะ
1. วิทยาศาสตร์การแพทย์ และสุขภาพ
หนังสือสำรอง
สถานะ=หนังสือสำรอง
QU146 น624ร ฉ.1 
  Barcode: 037359
ห้องสมุดวิทยาเขตสวรรค์ประชารักษ์
►ส่วนจัดเก็บหนังสือเก่า สปร
บนชั้น
  ขอยืม
2. วิทยาศาสตร์การแพทย์ และสุขภาพ
วิทยาศาสตร์การแพทย์ และสุขภาพ
QU146 น624ร ฉ.2 
  Barcode: 037360
ห้องสมุดวิทยาเขตสวรรค์ประชารักษ์
►ส่วนจัดเก็บหนังสือเก่า สปร
บนชั้น
  ขอยืม
3. วิทยาศาสตร์การแพทย์ และสุขภาพ
วิทยาศาสตร์การแพทย์ และสุขภาพ
QU146 น624ร ฉ.3 
  Barcode: 037361
ห้องสมุดวิทยาเขตสวรรค์ประชารักษ์
►ส่วนจัดเก็บหนังสือเก่า สปร
บนชั้น
  ขอยืม
4. วิทยาศาสตร์การแพทย์ และสุขภาพ
วิทยาศาสตร์การแพทย์ และสุขภาพ
QU146 น624ร ฉ.4 
  Barcode: 037362
ห้องสมุดวิทยาเขตสวรรค์ประชารักษ์
►ส่วนจัดเก็บหนังสือเก่า สปร
บนชั้น
  ขอยืม
5. วิทยาศาสตร์การแพทย์ และสุขภาพ
วิทยาศาสตร์การแพทย์ และสุขภาพ
QU146 น624ร ฉ.5 
  Barcode: 037363
ห้องสมุดวิทยาเขตสวรรค์ประชารักษ์
►ส่วนจัดเก็บหนังสือเก่า สปร
บนชั้น
  ขอยืม

รายการใกล้เคียง
    หัวเรื่อง [โภชนาการ]

BibComment


ยังไม่เคยถูกคอมเมนท์

คอมเมนท์ทรัพยากรรายการนี้
  คอมเมนท์: รู้เลือกกิน ฉลา..


 Copyright 2026. Bcnsprnw @Library